Five-letter Midwest USA Geography - Statistics

General Stats
  • This quiz has been taken 28 times
  • The average score is 13 of 17
Answer Stats
Hint Answer % Correct
Famous duo who explored the Midwest for President Jefferson. Clark
96%
Wisconsin's _____ Bay is home to the NFL's Packers. Green
96%
Famous duo who explored the Midwest for President Jefferson. Lewis
96%
One of Minnesota's nicknames is Land of 10,000 _____. Lakes
93%
The largest city in North Dakota, it's the setting of a classic dark comedy. Fargo
89%
Michigan Rust Belt city that overcame a drinking water crisis in 2015-2019. Flint
81%
Combined with Lake Michigan, it's the largest freshwater lake in the world. Huron
81%
This Missouri River city is Nebraska's largest. Omaha
78%
South Dakota's largest city, S____ F____, is the Minnehaha county seat. Sioux Falls
78%
Northern Indiana's, _____ Bend is the state's fourth largest city. South
78%
Ohio's "rubber capital of the world" was once the HQ of four tire makers. Akron
74%
If you like sand, you'll love Indiana _____ National Park on Lake Michigan. Dunes
70%
Missouri's _____ Mountains are home to a massive reservoir and national forests. Ozark
70%
Breweries thrive on icy Milwaukee River, an area famous for this type of beer. lager
56%
Near Dayton, Ohio, this is the nation's only city that begins with an X. Xenia
56%
Lake St. _____ waters pass through the Detroit River and into Lake Erie. Clair
44%
Invasive species like _____ mussels threaten native fish in the Great Lakes. Zebra
33%
No matching quizzes found
Score Distribution
Percent of People with Each Score
Percentile by Number Answered
Your Score History
You have not taken this quiz